| 000 | 00674nam a22002537a 4500 | ||
|---|---|---|---|
| 001 | 28387 | ||
| 003 | UA-OsUOA | ||
| 005 | 20230913111319.0 | ||
| 007 | ta | ||
| 008 | 20050321b un ||||| |||| 00| 0 ukr d | ||
| 020 | _a5-93295-108-7 | ||
| 040 |
_aUA-OsUOA _brus _cUA-OsUOA _dUA-OsUOA |
||
| 041 | _arus | ||
| 044 | _aRU | ||
| 080 | _a343.13 | ||
| 090 |
_a343.13 _bД33 |
||
| 100 | _aДенисов С. А. | ||
| 245 | _aЗаконность и обоснованность соединения и выделения уголовных дел | ||
| 260 |
_aМ. _bЮрлитинформ _c2004 |
||
| 300 | _a192 с. | ||
| 650 | 7 | _2UDC | |
| 942 |
_cBK _2udc |
||
| 955 | _a0 | ||
| 999 |
_c314754 _d314754 |
||